000
00339nam a2200145Ia 4500
008
090124s9999 xx 000 0 und d
082
_b
303488
245
_a
उपरा
250
_a
1
260
_b
माने लक्ष्मण
_c
1980
300
_a
166
630
_a
उपरा
730
_a
उपरा
942
_c
BOOK
999
_c
193125
_d
193125